Sports Quiz

Random Sports Quiz

Top XIs: Derby County (1970s) Quiz Stats

Quiz not verified by Sporcle

Challenge
Share
Tweet
Embed
Score 0/110 Timer 10:00
1 Play Today
% Correct
Roy McFarland
94.8%
Roy McFarland
94.8%
Roy McFarland
94.8%
Roy McFarland
94.8%
Roy McFarland
94.8%
Roy McFarland
94.8%
Roy McFarland
94.8%
Roy McFarland
94.8%
Colin Todd
93.6%
Colin Todd
93.6%
Colin Todd
93.6%
Colin Todd
93.6%
Colin Todd
93.6%
Colin Todd
93.6%
Colin Todd
93.6%
Kevin Hector
92.8%
Kevin Hector
92.8%
Kevin Hector
92.8%
Kevin Hector
92.8%
Kevin Hector
92.8%
Kevin Hector
92.8%
Kevin Hector
92.8%
Archie Gemmill
90.8%
Archie Gemmill
90.8%
Archie Gemmill
90.8%
Archie Gemmill
90.8%
Archie Gemmill
90.8%
Archie Gemmill
90.8%
Archie Gemmill
90.8%
John McGovern
88.8%
John McGovern
88.8%
John McGovern
88.8%
John McGovern
88.8%
John O'Hare
83.9%
John O'Hare
83.9%
John O'Hare
83.9%
Charlie George
81.9%
% Correct
Charlie George
81.9%
Charlie George
81.9%
Dave Mackay
79.9%
Colin Boulton
77.9%
Colin Boulton
77.9%
Colin Boulton
77.9%
Colin Boulton
77.9%
Colin Boulton
77.9%
Colin Boulton
77.9%
Alan Hinton
77.1%
Alan Hinton
77.1%
Alan Hinton
77.1%
Francis Lee
77.1%
Francis Lee
77.1%
Roger Davies
76.3%
Roger Davies
76.3%
Roger Davies
76.3%
David Nish
75.5%
David Nish
75.5%
David Nish
75.5%
David Nish
75.5%
David Nish
75.5%
Bruce Rioch
73.9%
Bruce Rioch
73.9%
Les Green
60.2%
Ron Webster
59.4%
Ron Webster
59.4%
Ron Webster
59.4%
Ron Webster
59.4%
Ron Webster
59.4%
Ron Webster
59.4%
Steve Powell
59%
Steve Powell
59%
Steve Powell
59%
Steve Powell
59%
Steve Powell
59%
Alan Durban
58.2%
% Correct
Alan Durban
58.2%
Barry Powell
58.2%
Gerry Daly
57.8%
Gerry Daly
57.8%
Gerry Daly
57.8%
Don Masson
53.4%
John Robson
52.6%
John Robson
52.6%
Henry Newton
52.2%
Henry Newton
52.2%
Henry Newton
52.2%
Henry Newton
52.2%
Leighton James
51.4%
John Middleton
51%
John Middleton
51%
Rod Thomas
48.6%
Terry Hennessey
48.2%
Dave Langan
48.2%
Dave Langan
48.2%
Dave Langan
48.2%
Dave Langan
48.2%
Peter Daniel
46.2%
Steve Buckley
43.4%
Steve Buckley
43.4%
Vic Moreland
36.9%
David McKellar
34.9%
John Duncan
32.9%
Roy Greenwood
32.1%
Terry Curran
31.3%
Paul Emson
31.3%
Billy Caskey
30.1%
Steve Emery
30.1%
Aidan McCaffery
29.7%
Keith Osgood
28.9%
Steve Carter
27.3%
Gerry Ryan
25.3%

You're not logged in!

Compare scores with friends on all Sporcle quizzes.
Join for Free
OR
Log In

You Might Also Like...

Show Comments

Extras

Created Sep 1, 2016ReportNominate
Tags:1970s, Football League

Top Quizzes Today


Score Distribution

Your Account Isn't Verified!

In order to create a playlist on Sporcle, you need to verify the email address you used during registration. Go to your Sporcle Settings to finish the process.

Report this User

Report this user for behavior that violates our Community Guidelines.

Details: